01230 a2200121 4500020001800000082002200018100002900040245006500069260004600134300001000180520085500190650006301045 a9781838692278 a294.635092bSID-G aSidhu, Puneetinder Kaur  aGuru Nanak's blessed trailb: the sacred sites across Punjab bLonely Planet Global Limitedc2019aIndia a176p. aOver the course of twenty-four years, Sri Guru Nanak Dev Ji, the founder of the Sikh religion, travelled the length and breadth of not just India and Pakistan, but also West Asia and the rest of the Indian subcontinent.On these epic journeys, he preached rejecting orthodoxy, division and hate, and showed mankind a path to salvation —lessons that are as important and relevant today as they were in the guru’s time. This book highlights the stories surrounding the shrines across the Punjab blessed by the guru’s presence.These anecdotes offer fascinating insights into his life and times while exploring the fundamental tenets of Sikhism. Evocative and illuminating, Guru Nanak’s blessed trail is an essential read for interested readers or followers of Sikhism to understand the guru’s teachings and the history and Culture of the Sikhs. aSikh TempleaShrinesvGuru NanakvTrailsvGurudwarazIndia